000 00971nam a22002891a 4500
001 21585
003 BD-RjUL
005 20211209000714.0
008 720107s1962 nyu 000 0 eng
035 _a(BD-RjUL)21649
040 _aDLC
_cDLC
_dBD-RjUL
_beng
041 1 _aeng
_hger
082 0 0 _a901.9
_bSPO 1962
100 1 _aSpengler, Oswald,
_d1880-1936.
_966672
245 1 4 _aThe decline of the West /
_can abridged edition by Helmut Werner ; English abridged edition prepared by Arthur Helps from the translation by Charles Francis Atkinson.
250 _a[1st American ed.]
260 _aNew York :
_bKnopf,
_c1962.
300 _axxvii, 414, xxviii p. :
_c25 cm.
650 0 _aCivilization
_xHistory.
_966673
700 1 _aWerner, Helmut.
_953980
700 1 _aHelps, Arthur.
_966674
700 1 _aAtkinson, Charles Francis,
_d1880-
_966675
942 _2ddc
_cBK
999 _c21585
_d21585